000 01652cam a2200481 a 4500
999 _c23504
_d23504
001 vtls011586537
005 20221013131232.0
008 180927 2016 xo o g 000 0bslo
020 _a9788055152080
_q(viaz.)
035 _a0D815D0B-FFE3-4024-A3F0-0F05B0596D9A
035 _aurn:nbn:sk:snk-am3h784
035 _aurn:nbn:sk:snk-am00cnlf
040 _aSKPK
_bslo
_cSKPK
_dSNK
_eAACR2
041 1 _aslo
_hcze
044 _axo
_cSK
072 7 _a78.07
_xHudobníci, skladatelia a iné hudobné povolania
_2konspekt
072 7 _a929
_xBiografie
_2konspekt
080 _a78.03.011.26
_22011
080 _a78.071.2-055.2
_22011
080 _a(437.6)
_22011
080 _a(092)
_22011
100 1 _aGombitová, Marika,
_d1956-
_93732
245 1 0 _aÚlomky spomienok
_cMarika Gombitová, Miroslav Graclík ; [preklad Ľubica Janeva]
260 _aBratislava
_bIkar
_c2016
300 _a299 s.
_bfotogr., ilustr.
_c23 cm
500 _aPravdepodobne prel. z češ.
600 1 7 _aGombitová, Marika,
_d1956-
_2SNKMA
_93732
648 7 _a20.-21. stor.
_2SNKPH
_91821
648 7 _a20th-21st centuries
_2SNKPHeng
_91822
650 0 7 _apopulárna hudba
_2SNKPH
_93733
650 0 7 _aspeváčky
_2SNKPH
_93734
650 0 7 _apop-music
_2SNKPHeng
_93735
650 0 7 _aWomen singers
_2SNKPHeng
_93736
651 7 _aSlovensko
_2SNKPH
_91613
651 7 _aSlovakia
_2SNKPHeng
_91614
655 7 _abiografie
_2SNKPH
_91756
655 7 _aBiography
_2SNKPHeng
_91759
700 1 _aGraclík, Miroslav,
_d1967-
_4aut
_93737
700 1 _aJaneva, Ľubica,
_d1965-
_4trl
_93738
958 _aBX
958 _aOP